000 01007nam a22002897a 4500
001 BR2015005029
003 BR-BrBNA
005 20230928104721.0
007 ta
008 230509b bl.||||| |||| 00| 0 por d
040 _aBR-BrBNA
_bpor
_cBiblioteca Nacional de Agricultura
041 _a(Por)
072 _aE16
_b5250
090 _ 5250 BR2015005029
110 1 _aServiço Brasileiro de Apoio às micro e Pequenas Empresas, Natal, RN (Brasil)
_99406
245 1 _aDiagnóstico da cadeia produtiva agroindustrial da caprinovinocultura do Rio Grande do NorteComportamento da cadeia produtiva agroindustrial da caprinocultura do Rio Grande do Norte. v. 2
260 3 _aNatal, RN (Brasil):
_c2001.
300 _a224 p.
500 _a20 ref.; 15 illus.; 22 graphs.; 115 tables
650 _aCAPRINOCULTURA
650 _aRIO GRANDE DO NORTE
650 _aCADEIA PRODUTIVA
650 _aBENEFICIAMENTO
650 _aSISTEMA DE PRODUÇÃO
909 _a202309
_bLucia
_c55
_dLucia Elande
942 _cBK
999 _c81365
_d81365